000 00708nam a2200205 a 4500
005 20151217041533.0
008 140224b1997 ck ||||| |||| 00| 0 spa d
040 _aCO-BoIAVH
_cCO-BoIAVH
041 _aspa
044 _ack
090 _aLB
_b00942
100 _aBravo Díaz, Jaime Miguel
_910098
245 _aAproximación a una evaluación del impacto ambiental de las explotaciones de palma naidi (Euterpe cuatrecasana, Dugand) en los ríos Patía y Mira, Departamento de Nariño
260 _aTumaco (Nariño)
_bProyecto Biopacífico
_c1997
300 _a25 p.
650 _aImpacto ambiental
_944502
650 _aPalmas de naidi
_944503
650 _aEuterpe cuatrecasana
_944504
942 _cINFORME
_2z
999 _c954
_d954